Steps to the sermon; (Record no. 794)

MARC details
000 -LEADER
fixed length control field 00800cam a22002651 4500
001 - CONTROL NUMBER
control field 6104890
003 - CONTROL NUMBER IDENTIFIER
control field GBCCL
005 - DATE AND TIME OF LATEST TRANSACTION
control field 20241126110346.0
008 - FIXED-LENGTH DATA ELEMENTS--GENERAL INFORMATION
fixed length control field 751027s1963 tnu b 000 0 eng
010 ## -
-- 63019068
020 ## - INTERNATIONAL STANDARD BOOK NUMBER
International Standard Book Number 0805421033
035 ## - SYSTEM CONTROL NUMBER
System control number (OCoLC)1738758
040 ## - CATALOGING SOURCE
Original cataloging agency DLC
Transcribing agency NcWfSB
Modifying agency OCoLC
-- DLC
042 ## -
-- premarc
050 00 -
-- BV4211.2
-- .B69
082 ## - DEWEY DECIMAL CLASSIFICATION NUMBER
Classification number 251.01
Item number BRO
100 1# - MAIN ENTRY--PERSONAL NAME
Personal name Brown, Henry Clifton.
9 (RLIN) 1156
245 10 - TITLE STATEMENT
Title Steps to the sermon;
Remainder of title a plan for sermon preparation,
Statement of responsibility, etc. by H. C. Brown, Jr., H. Gordon Clinard and Jesse J. Northcutt.
260 ## - PUBLICATION, DISTRIBUTION, ETC.
Place of publication, distribution, etc. Nashville,
Name of publisher, distributor, etc. Broadman Press
Date of publication, distribution, etc. [1963]
300 ## - PHYSICAL DESCRIPTION
Extent ix, 202 p.
Dimensions 22 cm.
500 ## - GENERAL NOTE
General note Bibliography: p. 197-202.
650 #0 - SUBJECT ADDED ENTRY--TOPICAL TERM
Topical term or geographic name entry element Preaching.
9 (RLIN) 404
906 ## - LOCAL DATA ELEMENT F, LDF (RLIN)
a 7
b cbc
c oclcrpl
d u
e ncip
f 19
g y-gencatlg
942 ## - ADDED ENTRY ELEMENTS (KOHA)
Source of classification or shelving scheme Dewey Decimal Classification
Koha item type Books
Holdings
Withdrawn status Lost status Source of classification or shelving scheme Damaged status Not for loan Home library Current Library Shelving location Date acquired Total checkouts Full call number Barcode Date last seen Copy number Price effective from Koha item type
    Dewey Decimal Classification     GRACE BIBLE COLLEGE GRACE BIBLE COLLEGE Ministry & Mission 2017-03-16   251.01 BRO 006327 2025-05-01 c.1 2017-03-16 Books
© Grace Bible College Library 2025